Các quy định pháp luật Việt Nam và điều ước quốc tế về quyền tác giả, quyền liên quan
Сохранить в:
| Формат: | Sách |
|---|---|
| Язык: | Undetermined |
| Опубликовано: |
Cục Bản quyền tác giả
2019
|
| Предметы: | |
| Метки: |
Добавить метку
Нет меток, Требуется 1-ая метка записи!
|
| Thư viện lưu trữ: | Trung tâm Thư viện - Trường Đại học Công nghiệp TP. Hồ Chí Minh |
|---|
| LEADER | 00550nam a2200133Ia 4500 | ||
|---|---|---|---|
| 001 | UIH_00179 | ||
| 008 | 230809s9999 xx 000 0 und d | ||
| 082 | |a 346.59704 | ||
| 245 | 0 | |a Các quy định pháp luật Việt Nam và điều ước quốc tế về quyền tác giả, quyền liên quan | |
| 260 | |b Cục Bản quyền tác giả | ||
| 260 | |c 2019 | ||
| 650 | |a Quyền tác giả;Văn bản pháp quy; | ||
| 927 | |a Sách | ||
| 980 | |a Trung tâm Thư viện - Trường Đại học Công nghiệp TP. Hồ Chí Minh | ||